EXPLOSION DEL POPULISMO EN Colombia (Registro nro. 184221)
[ vista simple ]
| 000 -ENCABEZADO | |
|---|---|
| Número de control [NR] | 01196cam a2200277 i 4500 |
| 005 - FECHA Y HORA DE LA ÚLTIMA TRANSACCIÓN | |
| control field | 20140903175018.0 |
| 008 - DE LONGITUD FIJA DE DATOS DE ELEMENTOS - INFORMACIÓN GENERAL | |
| Elementos de longitud fija [NR] | 111111s2011 ck a frn 001 0dspa d |
| 020 ## - NUMERO INTERNACIONAL NORMALIZADO PARA LIBROS [R] | |
| ISBN Cancelado/ Invalidado [R] | 9789587198430 |
| 040 ## - FUENTE DE CATALOGACION [NR] | |
| Agencia de catalogación original [NR] | COBoUCM |
| Idioma de catalogación [NR] | spa |
| Quien Cataloga | |
| Quien Clasifica | Diana Londoño |
| 041 00 - CODIGO DE IDIOMA [R] | |
| Código de idioma para texto/pista de sonido o título separado [R] | Español |
| 100 1# - ASIENTO PRINCIPAL--NOMBRE PERSONAL [NR] | |
| Nombre personal [NR] | Ayala Diago, César Augusto |
| ID Autoridad | 53506 |
| 245 13 - MENCION DE TITULO [NR] | |
| Título [NR] | EXPLOSION DEL POPULISMO EN Colombia |
| Mención de responsabilidad, etc. [NR] | César Augusto Ayala Diago |
| 260 ## - PUBLICACION, DISTRIBUCION, ETC. (PIE DE IMPRENTA) [R] | |
| Lugar de publicación, distribución, etc. [R] | Bogotá (Colombia) |
| Nombre del editor, distribuidor, etc. [R] | Universidad Nacional de Colombia |
| Fecha de publicación, distribución, etc. [R] | 2011 |
| 300 ## - DESCRIPCION FISICA [R] | |
| Extensión [R] | 508 páginas |
| Otros detalles físicos [NR] | ilustraciones |
| 490 0# - MENCION DE SERIE [R] | |
| Mención de serie [R] | Colección Dirección de Investigación Sede Bogotá |
| 504 ## - NOTA DE BIBLIOGRAFIA, ETC. [R] | |
| Nota de bibliografía, etc. [NR] | Incluye referencias bibliográficas e índices |
| 610 20 - ASIENTO SECUNDARIO DE MATERIA - NOMBRE CORPORATIVO [R] | |
| Nombre corporativo o nombre de la jurisdicción como elemento de entrada [NR] | Alianza Nacional Popular (Colombia) |
| 9 (RLIN) | 53507 |
| 650 #0 - ASIENTO SECUNDARIO DE MATERIA - TERMINO TEMATICO [R] | |
| Término temático o nombre geográfico como elemento de entrada [NR] | Fascismo |
| 9 (RLIN) | 15595 |
| 650 #0 - ASIENTO SECUNDARIO DE MATERIA - TERMINO TEMATICO [R] | |
| Término temático o nombre geográfico como elemento de entrada [NR] | Participación política |
| Subdivisión geográfica [R] | Colombia |
| Subdivisión general [R] | Historia |
| Subdivisión cronológica [R] | Siglo XXI |
| 9 (RLIN) | 21123 |
| 650 #7 - ASIENTO SECUNDARIO DE MATERIA - TERMINO TEMATICO [R] | |
| Término temático o nombre geográfico como elemento de entrada [NR] | Populismo |
| Subdivisión geográfica [R] | Colombia |
| Subdivisión general [R] | Historia |
| Subdivisión cronológica [R] | Siglo XXI |
| 9 (RLIN) | 22091 |
| 651 #4 - ASIENTO SECUNDARIO DE MATERIA - NOMBRE GEOGRAFICO [R] | |
| Nombre geográfico [NR] | Colombia |
| Subdivisión general [R] | Política y gobierno |
| 9 (RLIN) | 26608 |
| 690 ## - ASUNTO AGREGADO LOCAL DE ENTRADA - TÉRMINO TEMÁTICO (OCLC, RLIN) | |
| 9 (RLIN) | 42754 |
| Acceso temático local | Ciencia política |
| 710 1# - ASIENTO SECUNDARIO - NOMBRE CORPORATIVO [R] | |
| 9 (RLIN) | 28180 |
| Nombre corporativo o de jurisdicción como elemento de entrada [NR] | Universidad Nacional de Colombia |
| Unidad subordinada [R] | Vicerrectoría de Investigación |
| -- | Dirección de Investigación sede Bogotá |
| 942 ## - ELEMENTOS DE ENTRADA AGREGADOS (KOHA) | |
| Tema principal | Ciencia política |
| Tipo de ítem principal el descrito en 300a | Libro |
| Edición | 1 |
| Parte restante de la signatura top. | A973e |
| Sistema de clasificación | DEWEY |
| Clasificación | 324.2861 |
| Fecha de último préstamo | Total préstamos | Total Renewals | Signatura topográfica | Código de barras | Última vez visto | Ejemplar | Costo de reposición | Price effective from | Tipo de ítem | Perdido | Sistema de clasificación | Dañado | No prestable | Tipo de ítem específico | Suprimido | Ubicación habitual | Ubicación actual | Localización | Fecha de creación | Proveedor | Forma de adquisición | Costo |
|---|---|---|---|---|---|---|---|---|---|---|---|---|---|---|---|---|---|---|---|---|---|---|
| 22/02/2024 | 7 | 11 | 324.2861 A973e | 100139630 | 03/12/2025 | Ej.1 | 30000.00 | 05/12/2013 | Libro | DEWEY | Libro | Claustro | Claustro | 3er piso | 05/12/2013 | 35 | Compra | 30000.00 |